[Event "2. BUNDESLIGA MITTE 2017/2018"]
[Site "St. Valentin, Pinggau/Villach/Taufkirchen, Fuerstenfeld, St. Veit"]
[Date "2018.02.11"]
[Round "9"]
[Board "1"]
[White "Berczes, David"]
[Black "Riemelmoser, Franz"]
[Result "0-1"]
[WhiteElo "2499"]
[BlackElo "2346"]
[PlyCount "80"]
[EventDate "2017.10.27"]
[EventType "team"]
[EventRounds "11"]
[EventCountry "AUT"]
[WhiteTeam "Leoben"]
[BlackTeam "ESV ASKOE Admira Villach"]

1. Nf3 Nf6 2. c4 c5 3. Nc3 g6 4. d4 cxd4 5. Nxd4 Bg7 6. e4 d6 7. Be2 Nc6 8. Be3
Nd7 9. Qd2 Nc5 10. Nc2 Qa5 11. f3 f5 12. Nd5 Qxd2+ 13. Kxd2 O-O 14. b4 f4 15.
Nxf4 Bxa1 16. Rxa1 e5 17. Nd5 Ne6 18. Kc3 Kg7 19. Rd1 Ncd8 20. g3 Nf7 21. f4 b6
22. h4 Bb7 23. Kb3 Rac8 24. Na3 Nc7 25. Nxc7 Rxc7 26. Nb5 Re7 27. f5 Bxe4 28.
fxg6 hxg6 29. Nxd6 Bf3 30. Nf5+ gxf5 31. Bxf3 Rd8 32. Rxd8 Nxd8 33. c5 bxc5 34.
bxc5 Ne6 35. Kc4 Kf6 36. g4 e4 37. Bg2 f4 38. Bd2 Rh7 39. Bc3+ Kf7 40. a3 f3
 0-1

[Event "2. BUNDESLIGA MITTE 2017/2018"]
[Site "St. Valentin, Pinggau/Villach/Taufkirchen, Fuerstenfeld, St. Veit"]
[Date "2018.02.11"]
[Round "9"]
[Board "2"]
[White "Reichmann, Egon"]
[Black "Baumegger, Siegfried"]
[Result "0-1"]
[WhiteElo "2265"]
[BlackElo "2443"]
[PlyCount "69"]
[EventDate "2017.10.27"]
[EventType "team"]
[EventRounds "11"]
[EventCountry "AUT"]
[WhiteTeam "ESV ASKOE Admira Villach"]
[BlackTeam "Leoben"]

1. d4 Nf6 2. Nf3 d5 3. c4 e6 4. Nc3 Nbd7 5. Bf4 dxc4 6. e4 Bb4 7. Bxc4 Nxe4 8.
O-O Nxc3 9. bxc3 Bd6 10. Bg5 Be7 11. Qd2 O-O 12. Rfe1 b6 13. Bxe7 Qxe7 14. Qf4
Bb7 15. d5 e5 16. Nxe5 Nxe5 17. Rxe5 Qd6 18. Rae1 Rae8 19. Qe3 Rxe5 20. Qxe5
Qc5 21. Bb3 g6 22. h4 Rd8 23. h5 Qd6 24. Qxd6 Rxd6 25. Re7 Bxd5 26. h6 Kf8 27.
Rxc7 Bxb3 28. axb3 a5 29. Rc8+ Ke7 30. Rh8 Rd1+ 31. Kh2 Rd8 32. Rxh7 a4 33. Rg7
Rh8 34. h7 Kf8 35. Rxg6  0-1

[Event "2. BUNDESLIGA MITTE 2017/2018"]
[Site "St. Valentin, Pinggau/Villach/Taufkirchen, Fuerstenfeld, St. Veit"]
[Date "2018.02.11"]
[Round "9"]
[Board "3"]
[White "Dietmayer-Kraeutler, Marco"]
[Black "Perhinig, Robert"]
[Result "0-1"]
[WhiteElo "2317"]
[BlackElo "2264"]
[PlyCount "86"]
[EventDate "2017.10.27"]
[EventType "team"]
[EventRounds "11"]
[EventCountry "AUT"]
[WhiteTeam "Leoben"]
[BlackTeam "ESV ASKOE Admira Villach"]

1. d4 Nf6 2. c4 e6 3. Nf3 Bb4+ 4. Bd2 Be7 5. Bg5 h6 6. Bh4 d5 7. e3 O-O 8. Nc3
b6 9. cxd5 Nxd5 10. Bxe7 Qxe7 11. Nxd5 exd5 12. Bd3 Qb4+ 13. Qd2 Qxd2+ 14. Kxd2
Ba6 15. b4 Bxd3 16. Kxd3 a5 17. a3 axb4 18. axb4 Nc6 19. Kc3 f6 20. Kb3 Ne7 21.
Rhc1 c6 22. b5 cxb5 23. Kb4 Rfc8 24. Rxc8+ Rxc8 25. Ra2 Rc1 26. Rb2 Nf5 27. g4
Nd6 28. Nh4 Nc4 29. Rb3 Nd6 30. Rb2 Rc4+ 31. Kb3 g5 32. Nf5 Nxf5 33. gxf5 g4
34. Ra2 h5 35. h3 gxh3 36. f4 b4 37. Rh2 Rc3+ 38. Kxb4 Rxe3 39. Kb5 Rc3 40.
Kxb6 Kg7 41. Rh1 h4 42. Rg1+ Kh6 43. Rg8 Kh5  0-1

[Event "2. BUNDESLIGA MITTE 2017/2018"]
[Site "St. Valentin, Pinggau/Villach/Taufkirchen, Fuerstenfeld, St. Veit"]
[Date "2018.02.11"]
[Round "9"]
[Board "4"]
[White "Pantovic, Dragan M"]
[Black "Sandner, Wolfgang"]
[Result "0-1"]
[WhiteElo "2107"]
[BlackElo "2259"]
[PlyCount "102"]
[EventDate "2017.10.27"]
[EventType "team"]
[EventRounds "11"]
[EventCountry "AUT"]
[WhiteTeam "ESV ASKOE Admira Villach"]
[BlackTeam "Leoben"]

1. Nf3 Nf6 2. c4 d6 3. d4 g6 4. g3 Bg7 5. Bg2 O-O 6. O-O Nc6 7. Nc3 a6 8. b3
Rb8 9. Nd5 Nd7 10. Be3 h6 11. Rc1 e6 12. Nc3 Ne7 13. Qd3 Nf5 14. Bd2 c5 15. e3
b6 16. Rfd1 Bb7 17. Be1 Bxf3 18. Bxf3 cxd4 19. exd4 Nxd4 20. Bg2 Nc5 21. Qe3 e5
22. Nd5 Nf5 23. Qe2 Ne6 24. Bc3 h5 25. Nb4 Nfd4 26. Qf1 Qc8 27. Nd5 Kh8 28. Bb4
Qd8 29. Bd2 f5 30. Be3 Rf7 31. Nb4 Qc8 32. Nd5 Qf8 33. f4 Bh6 34. Qf2 Qg7 35.
b4 g5 36. Kh1 h4 37. fxg5 Bxg5 38. Bxg5 Qxg5 39. gxh4 Qh6 40. Rc3 Rh7 41. Ra3
Qxh4 42. Qxh4 Rxh4 43. Rxa6 f4 44. Ne7 Rh6 45. Be4 Ng5 46. Ng6+ Kg7 47. Ra7+
Kf6 48. Ne7 Nxe4 49. Nd5+ Kf5 50. Rg1 Nf3 51. Rg2 Ng3+  0-1

[Event "2. BUNDESLIGA MITTE 2017/2018"]
[Site "St. Valentin, Pinggau/Villach/Taufkirchen, Fuerstenfeld, St. Veit"]
[Date "2018.02.11"]
[Round "9"]
[Board "5"]
[White "Schein, Karl-Heinz"]
[Black "Frank, Paul"]
[Result "1-0"]
[WhiteElo "2177"]
[BlackElo "2217"]
[PlyCount "111"]
[EventDate "2017.10.27"]
[EventType "team"]
[EventRounds "11"]
[EventCountry "AUT"]
[WhiteTeam "Leoben"]
[BlackTeam "ESV ASKOE Admira Villach"]

1. e4 c5 2. f4 Nc6 3. Nf3 g6 4. Bb5 Bg7 5. O-O Nd4 6. Nxd4 cxd4 7. d3 Qa5 8.
Bc4 Nf6 9. e5 Nd5 10. Qf3 Nb6 11. Bb3 O-O 12. Nd2 Qc5 13. Ne4 Qc7 14. Bd2 a5
15. a4 d5 16. exd6 exd6 17. Ng3 Be6 18. Rac1 Qd7 19. f5 Bxb3 20. cxb3 f6 21.
Ne2 Qxf5 22. Qxf5 gxf5 23. Nxd4 Rf7 24. Nxf5 Bf8 25. Bh6 Rd7 26. Bxf8 Rxf8 27.
Ne3 d5 28. Rc5 d4 29. Nf5 Re8 30. Kf2 Nd5 31. Re1 Rxe1 32. Kxe1 Nf4 33. Kd2
Nxg2 34. Rxa5 Nf4 35. Rc5 Kf7 36. b4 Ne6 37. Rc1 Rd5 38. Rf1 Re5 39. Nd6+ Ke7
40. Nxb7 Rh5 41. Rf2 Nc7 42. Kc2 Rh3 43. Nc5 Nd5 44. Kb3 Kd6 45. Kc4 Ke5 46. a5
Re3 47. a6 Re1 48. Kb5 Ra1 49. Nb3 Rg1 50. Na5 Rg8 51. Nc4+ Ke6 52. Re2+ Kd7
53. Nb6+ Nxb6 54. Kxb6 Rb8+ 55. Ka5 Kc6 56. Re6+  1-0

[Event "2. BUNDESLIGA MITTE 2017/2018"]
[Site "St. Valentin, Pinggau/Villach/Taufkirchen, Fuerstenfeld, St. Veit"]
[Date "2018.02.11"]
[Round "9"]
[Board "6"]
[White "Holzmann, Joerg"]
[Black "Koelber, Daniel"]
[Result "1-0"]
[WhiteElo "2189"]
[BlackElo "2049"]
[PlyCount "69"]
[EventDate "2017.10.27"]
[EventType "team"]
[EventRounds "11"]
[EventCountry "AUT"]
[WhiteTeam "ESV ASKOE Admira Villach"]
[BlackTeam "Leoben"]

1. e4 c5 2. Nf3 d6 3. d4 cxd4 4. Nxd4 Nf6 5. Nc3 a6 6. Be3 e6 7. f3 b5 8. Qd2
Nbd7 9. g4 b4 10. Na4 h6 11. Bc4 Qc7 12. Bb3 Bb7 13. O-O-O d5 14. exd5 Nxd5 15.
Kb1 Be7 16. h4 Nxe3 17. Qxe3 O-O-O 18. Bxe6 fxe6 19. Nxe6 Qc6 20. Nxd8 Bxd8 21.
Qb3 a5 22. Rhe1 Rf8 23. Re6 Qxf3 24. Qc4+ Bc7 25. Red6 Qf4 26. R6d4 Qf7 27.
Nb6+ Nxb6 28. Rd8+ Rxd8 29. Rxd8+ Kxd8 30. Qxf7 g5 31. b3 Nd5 32. Qf8+ Kd7 33.
Qxh6 Bf4 34. Qg7+ Kc8 35. h5  1-0

[Event "2. BUNDESLIGA MITTE 2017/2018"]
[Site "St. Valentin, Pinggau/Villach/Taufkirchen, Fuerstenfeld, St. Veit"]
[Date "2018.02.11"]
[Round "9"]
[Board "1"]
[White "Perunovic, Milos"]
[Black "Pilaj, Herwig"]
[Result "1/2-1/2"]
[WhiteElo "2596"]
[BlackElo "2346"]
[PlyCount "50"]
[EventDate "2017.10.27"]
[EventType "team"]
[EventRounds "11"]
[EventCountry "AUT"]
[WhiteTeam "SPG Sparkasse Pinggau-Friedberg"]
[BlackTeam "SC DieKlagenfurter"]

1. e4 c5 2. Nf3 Nc6 3. Bb5 g6 4. O-O Bg7 5. Nc3 d6 6. e5 dxe5 7. Bxc6+ bxc6 8.
Re1 f6 9. b3 Nh6 10. Ba3 Nf7 11. Bxc5 f5 12. d4 e4 13. Nd2 O-O 14. Kh1 e5 15.
Bxf8 Kxf8 16. Ndxe4 exd4 17. Nc5 dxc3 18. Qe2 Be5 19. Rad1 Qh4 20. g3 Qe7 21.
Qc4 Nd6 22. Qd3 Nf7 23. Qc4 Nd6 24. Qd3 Nf7 25. Qc4 Nd6  1/2-1/2

[Event "2. BUNDESLIGA MITTE 2017/2018"]
[Site "St. Valentin, Pinggau/Villach/Taufkirchen, Fuerstenfeld, St. Veit"]
[Date "2018.02.11"]
[Round "9"]
[Board "2"]
[White "Genser, Harald"]
[Black "Ftacnik, Lubomir"]
[Result "0-1"]
[WhiteElo "2296"]
[BlackElo "2520"]
[PlyCount "46"]
[EventDate "2017.10.27"]
[EventType "team"]
[EventRounds "11"]
[EventCountry "AUT"]
[WhiteTeam "SC DieKlagenfurter"]
[BlackTeam "SPG Sparkasse Pinggau-Friedberg"]

1. d4 Nf6 2. Bf4 g6 3. Nc3 d5 4. e3 Bg7 5. h4 a6 6. Be2 c5 7. h5 gxh5 8. Bxh5
Nc6 9. Bf3 cxd4 10. exd4 Bf5 11. Nge2 Rc8 12. g4 Bg6 13. g5 Ne4 14. Nxe4 dxe4
15. Bg4 Bf5 16. Bxf5 Qa5+ 17. Bd2 Qxf5 18. Ng3 Qb5 19. c3 Bxd4 20. Qg4 Rc7 21.
cxd4 Nxd4 22. Rc1 Rxc1+ 23. Bxc1 Nf3+  0-1

[Event "2. BUNDESLIGA MITTE 2017/2018"]
[Site "St. Valentin, Pinggau/Villach/Taufkirchen, Fuerstenfeld, St. Veit"]
[Date "2018.02.11"]
[Round "9"]
[Board "3"]
[White "Milanovic, Danilo"]
[Black "Petschar, Kurt"]
[Result "1-0"]
[WhiteElo "2488"]
[BlackElo "2269"]
[PlyCount "85"]
[EventDate "2017.10.27"]
[EventType "team"]
[EventRounds "11"]
[EventCountry "AUT"]
[WhiteTeam "SPG Sparkasse Pinggau-Friedberg"]
[BlackTeam "SC DieKlagenfurter"]

1. d4 d5 2. c4 c6 3. Nf3 Nf6 4. e3 Bf5 5. Nc3 e6 6. Nh4 Bg6 7. Be2 Nbd7 8. Bd2
Be7 9. Nxg6 hxg6 10. Qc2 a6 11. O-O Qc7 12. f4 dxc4 13. Bxc4 c5 14. Be2 cxd4
15. exd4 Nb6 16. Bf3 Rd8 17. Rac1 Qd7 18. Ne2 Nbd5 19. Qb3 O-O 20. Rc4 Rc8 21.
Rfc1 Bd6 22. g3 Rxc4 23. Rxc4 Bc7 24. Be1 Bb6 25. Bf2 Rd8 26. Rc2 Kf8 27. Nc1
Qb5 28. Qxb5 axb5 29. a3 b4 30. a4 Ra8 31. b3 Rd8 32. Nd3 Rd7 33. Rc8+ Ke7 34.
Nc5 Bxc5 35. dxc5 Rd8 36. Rxd8 Kxd8 37. Kf1 Kc7 38. Ke2 Nd7 39. Kd3 f5 40. Bd4
N7f6 41. Be5+ Kd7 42. Bxf6 gxf6 43. Bxd5  1-0

[Event "2. BUNDESLIGA MITTE 2017/2018"]
[Site "St. Valentin, Pinggau/Villach/Taufkirchen, Fuerstenfeld, St. Veit"]
[Date "2018.02.11"]
[Round "9"]
[Board "4"]
[White "Titz, Heimo"]
[Black "Mahdy, Khaled"]
[Result "1-0"]
[WhiteElo "2137"]
[BlackElo "2394"]
[PlyCount "45"]
[EventDate "2017.10.27"]
[EventType "team"]
[EventRounds "11"]
[EventCountry "AUT"]
[WhiteTeam "SC DieKlagenfurter"]
[BlackTeam "SPG Sparkasse Pinggau-Friedberg"]

1. c4 c5 2. Nc3 Nc6 3. Nf3 g6 4. e3 Bg7 5. d4 Nf6 6. d5 Nb8 7. e4 d6 8. Be2 O-O
9. O-O Na6 10. h3 Nc7 11. Bf4 Nd7 12. Qd2 Ne5 13. Nxe5 dxe5 14. Be3 Qd6 15. Na4
Na6 16. b4 cxb4 17. c5 Qd7 18. Qc2 Qc7 19. Bxa6 bxa6 20. c6 a5 21. Rfd1 Rd8 22.
Rd2 Rd6 23. Rad1 {(Partieformulare ab hier nicht mehr lesbar);}  1-0

[Event "2. BUNDESLIGA MITTE 2017/2018"]
[Site "St. Valentin, Pinggau/Villach/Taufkirchen, Fuerstenfeld, St. Veit"]
[Date "2018.02.11"]
[Round "9"]
[Board "5"]
[White "Danner, Georg"]
[Black "Waldmann, Gerald"]
[Result "1-0"]
[WhiteElo "2316"]
[BlackElo "2122"]
[PlyCount "67"]
[EventDate "2017.10.27"]
[EventType "team"]
[EventRounds "11"]
[EventCountry "AUT"]
[WhiteTeam "SPG Sparkasse Pinggau-Friedberg"]
[BlackTeam "SC DieKlagenfurter"]

1. d4 d5 2. Nf3 Nf6 3. c4 c6 4. e3 a6 5. Bd3 Bg4 6. Nbd2 Nbd7 7. Qb3 Bxf3 8.
Nxf3 b5 9. cxb5 cxb5 10. Bd2 e6 11. O-O Bd6 12. Rfc1 O-O 13. Rc6 Qb8 14. Rac1
Nb6 15. Bb4 Bxb4 16. Qxb4 Rc8 17. Rxc8+ Nxc8 18. Ne5 Nd6 19. Rc6 Nc4 20. Bxc4
dxc4 21. Qa5 h5 22. Rxa6 Rxa6 23. Qxa6 Ng4 24. Nf3 e5 25. h3 e4 26. Ng5 Nf6 27.
Qc6 Kf8 28. a3 Qe8 29. Qxe8+ Kxe8 30. Kf1 Ke7 31. Ke2 g6 32. Kd2 b4 33. Kc2 Kf8
34. b3  1-0

[Event "2. BUNDESLIGA MITTE 2017/2018"]
[Site "St. Valentin, Pinggau/Villach/Taufkirchen, Fuerstenfeld, St. Veit"]
[Date "2018.04.06"]
[Round "10"]
[Board "1"]
[White "Tratar, Marko"]
[Black "Schmidt, Peter"]
[Result "1/2-1/2"]
[WhiteElo "2456"]
[BlackElo "2392"]
[PlyCount "99"]
[EventDate "2017.10.27"]
[EventType "team"]
[EventRounds "11"]
[EventCountry "AUT"]
[WhiteTeam "SC MPOE Maria Saal 2"]
[BlackTeam "SPG Sauwald"]

1. c4 c6 2. Nf3 d5 3. e3 Nf6 4. Nc3 g6 5. cxd5 cxd5 6. Bb5+ Nbd7 7. d4 Bg7 8.
Bd2 O-O 9. O-O a6 10. Bd3 b6 11. Qb3 Bb7 12. Rfc1 Rc8 13. Ne4 b5 14. Rxc8 Qxc8
15. Nc3 Qb8 16. Ne2 Nb6 17. Bb4 Re8 18. Qc2 Ne4 19. Rc1 Rc8 20. Qb1 Bf8 21. b3
e6 22. Bxf8 Rxf8 23. Bxe4 dxe4 24. Ng5 e5 25. Nxe4 exd4 26. Nxd4 Qe5 27. Nd2
Rd8 28. N2f3 Qf6 29. h3 b4 30. Rc7 Ba8 31. Qc1 Kg7 32. Qc5 Bxf3 33. Nxf3 Rd5
34. Qe7 Qxe7 35. Rxe7 Ra5 36. Rb7 Nd5 37. Ne5 Rxa2 38. Rxf7+ Kg8 39. Rd7 Nc3
40. Ng4 a5 41. Nf6+ Kf8 42. Nxh7+ Ke8 43. Nf6+ Kf8 44. Rb7 Ne2+ 45. Kh2 Nc1 46.
f4 Nxb3 47. Rd7 Nc5 48. Nh7+ Kg8 49. Nf6+ Kf8 50. Nh7+  1/2-1/2

[Event "2. BUNDESLIGA MITTE 2017/2018"]
[Site "St. Valentin, Pinggau/Villach/Taufkirchen, Fuerstenfeld, St. Veit"]
[Date "2018.04.06"]
[Round "10"]
[Board "2"]
[White "Renner, Christoph"]
[Black "Schachinger, Mario"]
[Result "0-1"]
[WhiteElo "2349"]
[BlackElo "2394"]
[PlyCount "60"]
[EventDate "2017.10.27"]
[EventType "team"]
[EventRounds "11"]
[EventCountry "AUT"]
[WhiteTeam "SPG Sauwald"]
[BlackTeam "SC MPOE Maria Saal 2"]

1. e4 c5 2. d3 Nc6 3. g3 d5 4. Nd2 Nf6 5. Bg2 e6 6. Nh3 dxe4 7. dxe4 h5 8. f4
Ng4 9. Qe2 Nd4 10. Qd3 Ne3 11. Kf2 Nexc2 12. Rb1 Nb4 13. Qa3 b5 14. e5 c4 15.
Bxa8 Nd3+ 16. Qxd3 cxd3 17. Be4 Nc2 18. Kg2 Qd4 19. Nf2 Ne3+ 20. Kf3 Ng4 21.
Nd1 f5 22. exf6 Nxf6 23. Bc6+ Bd7 24. Bxd7+ Qxd7 25. Nc3 Qc6+ 26. Nce4 Bb4 27.
Re1 O-O 28. a3 Bxd2 29. Bxd2 Nxe4 30. Rxe4 Qc2  0-1

[Event "2. BUNDESLIGA MITTE 2017/2018"]
[Site "St. Valentin, Pinggau/Villach/Taufkirchen, Fuerstenfeld, St. Veit"]
[Date "2018.04.06"]
[Round "10"]
[Board "3"]
[White "Handler, Lukas"]
[Black "Testor, Sebastian"]
[Result "1/2-1/2"]
[WhiteElo "2392"]
[BlackElo "2293"]
[PlyCount "109"]
[EventDate "2017.10.27"]
[EventType "team"]
[EventRounds "11"]
[EventCountry "AUT"]
[WhiteTeam "SC MPOE Maria Saal 2"]
[BlackTeam "SPG Sauwald"]

1. c4 Nf6 2. g3 e6 3. Bg2 d5 4. Nf3 Be7 5. O-O O-O 6. b3 c5 7. e3 b6 8. Bb2 Bb7
9. Qe2 Nc6 10. Rd1 Rc8 11. d3 Qc7 12. Nc3 Rfd8 13. Rac1 dxc4 14. bxc4 Qb8 15.
Ba1 Bf8 16. Ne1 Rd7 17. g4 h6 18. f4 Nh7 19. h4 Ne7 20. Nf3 Re8 21. g5 Nf5 22.
Ne5 Rde7 23. g6 fxg6 24. Nxg6 Bxg2 25. Nxe7+ Bxe7 26. Kxg2 Nxh4+ 27. Kh3 Nf5
28. Ne4 Qd8 29. Rg1 Rf8 30. Rg2 Rf7 31. Ng3 Bf6 32. Nxf5 exf5 33. d4 cxd4 34.
exd4 Re7 35. Qh5 Qa8 36. Re2 Re4 37. Rce1 Qc8 38. a3 Qxc4 39. Rxe4 fxe4 40.
Qe8+ Nf8 41. Qxe4 Qb3+ 42. Qe3 Qd5 43. Bc3 Qh5+ 44. Kg2 Ng6 45. Bd2 Kh7 46. Qe4
Qg4+ 47. Kf1 Qh3+ 48. Ke2 Qh5+ 49. Kd3 Qb5+ 50. Ke3 Qb3+ 51. Ke2 Qb5+ 52. Kf3
Qh5+ 53. Ke3 Qh3+ 54. Ke2 Qh5+ 55. Kd3  1/2-1/2

[Event "2. BUNDESLIGA MITTE 2017/2018"]
[Site "St. Valentin, Pinggau/Villach/Taufkirchen, Fuerstenfeld, St. Veit"]
[Date "2018.04.06"]
[Round "10"]
[Board "4"]
[White "Taggatz, Mario"]
[Black "Tomazini, Zan"]
[Result "1-0"]
[WhiteElo "2183"]
[BlackElo "2424"]
[PlyCount "87"]
[EventDate "2017.10.27"]
[EventType "team"]
[EventRounds "11"]
[EventCountry "AUT"]
[WhiteTeam "SPG Sauwald"]
[BlackTeam "SC MPOE Maria Saal 2"]

1. d4 Nf6 2. Nf3 g6 3. Bg5 Bg7 4. Nbd2 O-O 5. c3 d5 6. e3 c5 7. Be2 b6 8. O-O
Bb7 9. b4 Ne4 10. Nxe4 dxe4 11. Nd2 h6 12. Bf4 g5 13. Bg3 cxd4 14. cxd4 f5 15.
f4 Bd5 16. Nc4 Nd7 17. Rc1 Qe8 18. Bh5 Bf7 19. Bxf7+ Qxf7 20. Qb3 Rac8 21. b5
Qd5 22. Ne5 Qxb3 23. axb3 Bxe5 24. fxe5 e6 25. Rc6 Rxc6 26. bxc6 Nb8 27. c7 Na6
28. Rc1 Rc8 29. d5 exd5 30. e6 f4 31. exf4 Rxc7 32. Rxc7 Nxc7 33. f5 Ne8 34.
Be5 a5 35. f6 Nxf6 36. Bxf6 b5 37. Kf2 a4 38. bxa4 bxa4 39. Bb2 Kf8 40. Ba3+
Kg7 41. Ke3 Kf6 42. e7 Kf7 43. Kd4 h5 44. Bc5  1-0

[Event "2. BUNDESLIGA MITTE 2017/2018"]
[Site "St. Valentin, Pinggau/Villach/Taufkirchen, Fuerstenfeld, St. Veit"]
[Date "2018.04.06"]
[Round "10"]
[Board "5"]
[White "Hartl, Daniel"]
[Black "Hellmayr, Alois"]
[Result "0-1"]
[WhiteElo "2270"]
[BlackElo "2256"]
[PlyCount "48"]
[EventDate "2017.10.27"]
[EventType "team"]
[EventRounds "11"]
[EventCountry "AUT"]
[WhiteTeam "SC MPOE Maria Saal 2"]
[BlackTeam "SPG Sauwald"]

1. d4 Nf6 2. c4 e6 3. g3 d5 4. Nf3 Bb4+ 5. Bd2 Be7 6. Bg2 Nbd7 7. O-O c6 8. Qc2
O-O 9. Rd1 Ne4 10. Be1 f5 11. Nc3 b6 12. cxd5 cxd5 13. Nxe4 fxe4 14. Ne5 Nxe5
15. dxe5 Qe8 16. f3 Ba6 17. Bf2 Rc8 18. Qd2 Qh5 19. Rac1 Qxe5 20. fxe4 Rxc1 21.
Rxc1 dxe4 22. Qd4 Qg5 23. Qe3 Rxf2 24. Kxf2 Qxe3+  0-1

[Event "2. BUNDESLIGA MITTE 2017/2018"]
[Site "St. Valentin, Pinggau/Villach/Taufkirchen, Fuerstenfeld, St. Veit"]
[Date "2018.04.06"]
[Round "10"]
[Board "6"]
[White "Hiermann, Dietmar"]
[Black "Tomazini, Aljosa"]
[Result "0-1"]
[WhiteElo "2257"]
[BlackElo "2350"]
[PlyCount "64"]
[EventDate "2017.10.27"]
[EventType "team"]
[EventRounds "11"]
[EventCountry "AUT"]
[WhiteTeam "SPG Sauwald"]
[BlackTeam "SC MPOE Maria Saal 2"]

1. e4 c5 2. Nf3 e6 3. d4 cxd4 4. Nxd4 Nc6 5. Nc3 Qc7 6. f4 a6 7. Be3 Bb4 8.
Nde2 Nf6 9. a3 Ba5 10. Qd3 d5 11. O-O-O O-O 12. e5 Nd7 13. h4 b5 14. b4 Bb6 15.
Nd4 Nxd4 16. Bxd4 Bxd4 17. Qxd4 Nb6 18. Rh3 Bb7 19. Nb1 Nc4 20. Rc3 a5 21. g3
Rfc8 22. Bxc4 axb4 23. axb4 bxc4 24. Ra3 Qe7 25. c3 Re8 26. Rxa8 Rxa8 27. Rd2
Bc6 28. Rb2 h6 29. h5 Ra1 30. g4 Ba4 31. Qa7 d4 32. Qxd4 Bb3  0-1

[Event "2. BUNDESLIGA MITTE 2017/2018"]
[Site "St. Valentin, Pinggau/Villach/Taufkirchen, Fuerstenfeld, St. Veit"]
[Date "2018.04.06"]
[Round "10"]
[Board "1"]
[White "Pilaj, Herwig"]
[Black "Frosch, Ronald"]
[Result "1/2-1/2"]
[WhiteElo "2346"]
[BlackElo "2306"]
[PlyCount "60"]
[EventDate "2017.10.27"]
[EventType "team"]
[EventRounds "11"]
[EventCountry "AUT"]
[WhiteTeam "SC DieKlagenfurter"]
[BlackTeam "RbEj Gleisdorf"]

1. d4 Nf6 2. c4 e6 3. Nf3 d5 4. Nc3 Be7 5. Bf4 c6 6. e3 O-O 7. Bd3 dxc4 8. Bxc4
b5 9. Bd3 Bb7 10. O-O a6 11. Rc1 Nbd7 12. Ne4 Nxe4 13. Bxe4 Qb6 14. Ne5 Nxe5
15. Bxe5 Rac8 16. Qg4 g6 17. Qf4 f5 18. Bc2 c5 19. dxc5 Rxc5 20. Bb3 Qc6 21. e4
fxe4 22. Qe3 Rc8 23. Rxc5 Bxc5 24. Qh6 Bf8 25. Qg5 Bg7 26. Bxg7 Kxg7 27. Qe7+
Kh6 28. Qh4+ Kg7 29. Qe7+ Kh6 30. Qh4+ Kg7  1/2-1/2

[Event "2. BUNDESLIGA MITTE 2017/2018"]
[Site "St. Valentin, Pinggau/Villach/Taufkirchen, Fuerstenfeld, St. Veit"]
[Date "2018.04.06"]
[Round "10"]
[Board "2"]
[White "Frosch, Erich"]
[Black "Wertjanz, David"]
[Result "1/2-1/2"]
[WhiteElo "2202"]
[BlackElo "2338"]
[PlyCount "83"]
[EventDate "2017.10.27"]
[EventType "team"]
[EventRounds "11"]
[EventCountry "AUT"]
[WhiteTeam "RbEj Gleisdorf"]
[BlackTeam "SC DieKlagenfurter"]

1. d4 c5 2. e3 Nf6 3. Nf3 g6 4. Be2 Bg7 5. O-O b6 6. b3 O-O 7. Bb2 cxd4 8. Nxd4
Bb7 9. Bf3 d5 10. Ne2 Qc7 11. Nbc3 Rd8 12. Nb5 Qd7 13. c4 Na6 14. Rc1 e6 15.
Be5 Nb4 16. a4 Nc6 17. Bxf6 Bxf6 18. cxd5 Ne5 19. Nf4 Bxd5 20. Bxd5 exd5 21.
Nc7 Rac8 22. Ncxd5 Bg7 23. Rxc8 Rxc8 24. e4 Re8 25. Qc2 Nc6 26. f3 Nd4 27. Qc4
Kh8 28. Rd1 Rc8 29. Qd3 Qd6 30. Ne2 Ne6 31. f4 Rd8 32. b4 a5 33. bxa5 bxa5 34.
g3 Qc6 35. Qb5 Qc2 36. Qd3 Qxa4 37. e5 Nc5 38. Qb1 Qb3 39. Qxb3 Nxb3 40. Nec3
Bf8 41. Re1 Bc5+ 42. Kg2  1/2-1/2

[Event "2. BUNDESLIGA MITTE 2017/2018"]
[Site "St. Valentin, Pinggau/Villach/Taufkirchen, Fuerstenfeld, St. Veit"]
[Date "2018.04.06"]
[Round "10"]
[Board "3"]
[White "Genser, Harald"]
[Black "Wegerer, Fred"]
[Result "0-1"]
[WhiteElo "2296"]
[BlackElo "2135"]
[PlyCount "128"]
[EventDate "2017.10.27"]
[EventType "team"]
[EventRounds "11"]
[EventCountry "AUT"]
[WhiteTeam "SC DieKlagenfurter"]
[BlackTeam "RbEj Gleisdorf"]

1. d4 Nf6 2. Bf4 d5 3. e3 e6 4. Bd3 Bd6 5. Bg3 Nc6 6. Nf3 a6 7. c3 h6 8. Ne5
Bxe5 9. dxe5 Nd7 10. f4 h5 11. Nd2 Ne7 12. Bh4 c6 13. Qe2 Qb6 14. Rb1 Nc5 15.
Bc2 a5 16. O-O a4 17. Bf2 Qc7 18. c4 b6 19. Rfc1 Ba6 20. e4 dxc4 21. Nxc4 O-O
22. Bd1 Ng6 23. Bxc5 bxc5 24. Qe3 h4 25. Bxa4 Bxc4 26. Rxc4 Rfd8 27. Bb3 Rd4
28. Rf1 Rad8 29. Rc2 Qe7 30. h3 Rd1 31. Bc4 R8d4 32. Be2 Rxf1+ 33. Bxf1 Qa7 34.
a3 Qa4 35. Re2 Qd1 36. Re1 Qd2 37. Qxd2 Rxd2 38. a4 Rxb2 39. a5 Ra2 40. a6 Nxf4
41. Rc1 Ra5 42. Rc2 Ng6 43. Bc4 Ne7 44. Ra2 Rxa2 45. Bxa2 Nc8 46. Kf2 Kf8 47.
Ke3 Ke7 48. Kd3 Nb6 49. Bc4 Kd7 50. a7 Kc7 51. Ba6 Na8 52. Kc4 Kb6 53. Bc8 Kxa7
54. Kxc5 Nb6 55. Kxc6 Nxc8 56. Kd7 Kb7 57. Ke8 f6 58. Kd7 fxe5 59. Kxe6 Kc6 60.
Kxe5 Kd7 61. Kf4 Ke6 62. Kg5 Nd6 63. Kxh4 Nxe4 64. Kg4 Kf6 {Rest unleserlich
Partie endete nach 92 ZÃƒÂ¼gen.}  0-1

[Event "2. BUNDESLIGA MITTE 2017/2018"]
[Site "St. Valentin, Pinggau/Villach/Taufkirchen, Fuerstenfeld, St. Veit"]
[Date "2018.04.06"]
[Round "10"]
[Board "4"]
[White "Manhardt, Thomas"]
[Black "Petschar, Kurt"]
[Result "0-1"]
[WhiteElo "2220"]
[BlackElo "2269"]
[PlyCount "74"]
[EventDate "2017.10.27"]
[EventType "team"]
[EventRounds "11"]
[EventCountry "AUT"]
[WhiteTeam "RbEj Gleisdorf"]
[BlackTeam "SC DieKlagenfurter"]

1. e4 e5 2. Nf3 Nc6 3. d4 exd4 4. Nxd4 Nf6 5. Nxc6 bxc6 6. e5 Qe7 7. Qe2 Nd5 8.
c4 Ba6 9. h4 f6 10. exf6 Qxe2+ 11. Bxe2 Nxf6 12. Nc3 Bb4 13. O-O O-O 14. Bd2
Rae8 15. Be3 Bxc3 16. bxc3 d6 17. Rfe1 c5 18. Rab1 Re4 19. g3 Rfe8 20. Bd3 R4e7
21. Kg2 Nd7 22. Red1 h6 23. Rb3 Ne5 24. Ra3 Bxc4 25. Bc2 Ng4 26. Ra4 Nxe3+ 27.
fxe3 Rxe3 28. Bg6 Re2+ 29. Kg1 Bf7 30. Bxf7+ Kxf7 31. Rxa7 R8e7 32. Rd3 Rc2 33.
Kf1 c4 34. Rf3+ Kg6 35. a4 Kh5 36. a5 Kg4 37. Rf4+ Kxg3  0-1